<?xml version="1.0" encoding="UTF-8"?>
<record
    xmlns:xsi="http://www.w3.org/2001/XMLSchema-instance"
    xsi:schemaLocation="http://www.loc.gov/MARC21/slim http://www.loc.gov/standards/marcxml/schema/MARC21slim.xsd"
    xmlns="http://www.loc.gov/MARC21/slim">

  <leader>00652nam a22001937a 4500</leader>
  <controlfield tag="003">OSt</controlfield>
  <controlfield tag="005">20240904151132.0</controlfield>
  <controlfield tag="008">240904b           ||||| |||| 00| 0 eng d</controlfield>
  <datafield tag="040" ind1=" " ind2=" ">
    <subfield code="c">AIMIT LIBRARY</subfield>
  </datafield>
  <datafield tag="100" ind1=" " ind2=" ">
    <subfield code="a">Prajwal</subfield>
    <subfield code="e">2216132</subfield>
    <subfield code="9">178697</subfield>
  </datafield>
  <datafield tag="245" ind1=" " ind2=" ">
    <subfield code="a">Impact of foreign institutional investment on Indian stock market /</subfield>
    <subfield code="c">By Prajwal ; Guided by Annette Sonia Maben.</subfield>
  </datafield>
  <datafield tag="260" ind1=" " ind2=" ">
    <subfield code="a">Mangalore ;</subfield>
    <subfield code="c">2024.</subfield>
  </datafield>
  <datafield tag="650" ind1=" " ind2=" ">
    <subfield code="a">Research question</subfield>
    <subfield code="9">178698</subfield>
  </datafield>
  <datafield tag="650" ind1=" " ind2=" ">
    <subfield code="a">Data sources</subfield>
    <subfield code="9">178699</subfield>
  </datafield>
  <datafield tag="650" ind1=" " ind2=" ">
    <subfield code="a">Limitation of study</subfield>
    <subfield code="9">178700</subfield>
  </datafield>
  <datafield tag="700" ind1=" " ind2=" ">
    <subfield code="a">Maben, Annette Sonia.</subfield>
    <subfield code="e">Guide</subfield>
    <subfield code="9">178701</subfield>
  </datafield>
  <datafield tag="856" ind1=" " ind2=" ">
    <subfield code="3">Econo Broking Pvt Ltd.</subfield>
    <subfield code="y">www.econobroking.com</subfield>
  </datafield>
  <datafield tag="942" ind1=" " ind2=" ">
    <subfield code="2">ddc</subfield>
    <subfield code="c">PRO</subfield>
  </datafield>
  <datafield tag="999" ind1=" " ind2=" ">
    <subfield code="c">231732</subfield>
    <subfield code="d">231732</subfield>
  </datafield>
  <datafield tag="952" ind1=" " ind2=" ">
    <subfield code="0">0</subfield>
    <subfield code="1">0</subfield>
    <subfield code="2">ddc</subfield>
    <subfield code="4">0</subfield>
    <subfield code="7">1</subfield>
    <subfield code="8">MBA</subfield>
    <subfield code="a">AIMIT</subfield>
    <subfield code="b">AIMIT</subfield>
    <subfield code="c">PRB</subfield>
    <subfield code="d">2024-09-04</subfield>
    <subfield code="l">0</subfield>
    <subfield code="p">PRB02345</subfield>
    <subfield code="r">2024-09-04 00:00:00</subfield>
    <subfield code="t">2216132</subfield>
    <subfield code="u">www.econobroking.com</subfield>
    <subfield code="w">2024-09-04</subfield>
    <subfield code="y">PRO</subfield>
  </datafield>
</record>
